000 00672nam a2200241Ia 4500
005 20260429112030.0
008 260429s9999||||xx |||||||||||||| ||und||
020 _a9781032897288
041 _aEnglish
082 _a001.422
_bROT
100 _aRotello, Caren M.
245 0 _aResearch design and statistical analysis /
_cCaren M. Rotello
250 _a4th ed.
260 _aUnited Kingdom :
_bRoutledge,
_c2025.
300 _axviii, 814 p.; pbk
650 _a Statistical analysis
650 _a Statistical methods
650 _aResearch methods
700 _a Lorch, Robert F.
700 _a Myers, Jerome L.
700 _a Well, Arnold D.
942 _cTB
999 _c51988
_d51988